000 00481ntaaa2200193 4500
003 01
005 20251027201817.0
008 0714s1973 ag 01
020 _a9500120186
040 _aAR-BaBN
_bspa
_cAR-BaBN
_eaacr
_dRIC
082 _a242.7420 O13r
100 _aOlivero, Carlos Luis
_916544
245 _aRosario de la juventud
250 _a1 ed.
260 _aBuenos Aires :
_bClaretiana,
_c1982
300 _a76 p ;
_cilu. ; 17 cm
650 _amariolatria
942 _cBK
999 _c12777
_d12777